000 01015nam a2200325 u 4500
001 000020289
003 DO-SdBNP
005 20240619112300.0
007 000020289
008 100804s2001 sp a r 000 0 spa d
020 _a 9788449422096
040 _aBPMSU
_bspa
_cBPMSU
082 4 _a808.831
_bA221u 2001
_222
100 1 _aAdams, Georgie
245 0 0 _aUn cuento para cada día :
_b365 cuentos y poemas /
_cGeorgie Adams : ilustración Selina Young
260 _aBarcelona :
_bGrupo Editorial Ceac,
_c2001
300 _a(En varias paginaciones).
_bils. ;
_c29 cm.
534 _pTítulo original :
_tAyear full of stories
590 _6Inventariado, 2024/VM
650 4 _aCuentos infantiles
_vColecciones
650 4 _aPorsías infantiles
650 4 _aLiteratura infantil
700 1 _aYoung, Selina
_e
910 _aVMateo V. Control de calidad. BPMSU
942 _2ddc
_cBK
956 _a
_b
_c
_l
_h
956 _a
_b
_c
_l
_h
956 _a
_b
_c
_l
_h
956 _a
_b
_c
_l
_h
999 _c14679
_d14679